01051nam a2200241 i 450000100060000000300090000600500170001500700030003200800410003508000230007624501420009926001040024130000300034549000460037565000420042170000400046370000230050371000400052683000540056685200510062099900170067195201210068817742ES-MaACL20250824014714.0t|010514s1944 sp |||| | spa d a821.134.2-2(082.2)00aPiezas teatrales cortas / cselección, observaciones preliminares y notas por Eduardo Juliá Martínez ; ilustraciones de Malasaña. aMadrid : bConsejo Superior de Investigaciones Científicas, Instituto Antonio de Nebrija, c1944. a303 p. : bil. ; c19 cm.1 aBiblioteca literaria del estudiante ; v6 7aTeatro breve español2embne91667921 aJuliá Martínez, Eduardo.9672381 aMalasaña.9756942 aInstituto Antonio de Nebrija.947951 aBiblioteca literaria del estudiante ; v691851104 aES-MaACLjAND-23 z- Biblioteca Juan Andrade c17742d17742 00104070aATENEOMbATENEOMcDEPO2d2008-01-17eSCl0oAND-23p1018109r2023-02-23 00:00:00w2023-02-23yMONOGRAFIA